Principle of Guidance sixth edition/ (Record no. 542897)

000 -LEADER
fixed length control field 00424nam a22001457a 4500
082 ## - DEWEY DECIMAL CLASSIFICATION NUMBER
Classification number 370.20
Author Mark JON
-- L-31, P-16
100 ## - MAIN ENTRY--PERSONAL NAME
Personal name Jhoes, Arthur J.
9 (RLIN) 38255
245 ## - TITLE STATEMENT
Title Principle of Guidance sixth edition/
250 ## - EDITION STATEMENT
Edition statement 6th ed..
260 ## - PUBLICATION, DISTRIBUTION, ETC.
Place of publication, distribution, etc. New Dehli:
Name of publisher, distributor, etc. Tata Mcgraw hill publishing company ltd,
Date of publication, distribution, etc. c1963
300 ## - PHYSICAL DESCRIPTION
Extent ix, 245 p. ;
Dimensions 15cm
526 ## - STUDY PROGRAM INFORMATION NOTE
Program name 0
Interest level 0
Reading level 0
Title point value 370_200000000000000_JON
650 ## - SUBJECT ADDED ENTRY--TOPICAL TERM
Topical term or geographic name entry element MCE
9 (RLIN) 379
942 ## - ADDED ENTRY ELEMENTS (KOHA)
Source of classification or shelving scheme
Koha item type Book
Holdings
Withdrawn status Lost status Source of classification or shelving scheme Damaged status Not for loan Permanent Location Current Location Date acquired Total Checkouts Full call number Barcode Date last seen Price effective from Koha item type
          Military College of Engineering (MCE) Military College of Engineering (MCE) 02/24/2014   370.20 JON MCE-8890 02/24/2014 02/24/2014 Book
© 2023 Central Library, National University of Sciences and Technology. All Rights Reserved.